<?xml version="1.0" encoding="UTF-8"?>
<record
    xmlns:xsi="http://www.w3.org/2001/XMLSchema-instance"
    xsi:schemaLocation="http://www.loc.gov/MARC21/slim http://www.loc.gov/standards/marcxml/schema/MARC21slim.xsd"
    xmlns="http://www.loc.gov/MARC21/slim">

  <leader>02176nam a22002057a 4500</leader>
  <controlfield tag="005">20220623194821.0</controlfield>
  <controlfield tag="008">220623b        |||||||| |||| 00| 0 eng d</controlfield>
  <datafield tag="020" ind1=" " ind2=" ">
    <subfield code="a">9788461353798</subfield>
  </datafield>
  <datafield tag="040" ind1=" " ind2=" ">
    <subfield code="c">Biblioteca Lado V</subfield>
  </datafield>
  <datafield tag="082" ind1=" " ind2=" ">
    <subfield code="a">708</subfield>
    <subfield code="b">F295f</subfield>
  </datafield>
  <datafield tag="100" ind1=" " ind2=" ">
    <subfield code="a">Dietz, Steven (curador)</subfield>
  </datafield>
  <datafield tag="110" ind1=" " ind2=" ">
    <subfield code="a">Paul, Christiane (curador)</subfield>
  </datafield>
  <datafield tag="245" ind1=" " ind2=" ">
    <subfield code="a">Feedforward: El &#xC1;ngel de la historia</subfield>
  </datafield>
  <datafield tag="260" ind1=" " ind2=" ">
    <subfield code="a">Gij&#xF3;n</subfield>
    <subfield code="b">LABoral Centro de Arte y Creaci&#xF3;n Industrial</subfield>
    <subfield code="c">2009</subfield>
  </datafield>
  <datafield tag="300" ind1=" " ind2=" ">
    <subfield code="a">230 p.</subfield>
    <subfield code="b">il. (col)</subfield>
    <subfield code="c">25, 5 x 19,5 cm</subfield>
  </datafield>
  <datafield tag="505" ind1=" " ind2=" ">
    <subfield code="t">La velocidad del presente</subfield>
    <subfield code="r">C&#xE9;sar Alierta</subfield>
    <subfield code="t">Una reflexi&#xF3;n cr&#xED;tica sobre el mundo actual y la funci&#xF3;n del arte</subfield>
    <subfield code="r">Rosina G&#xF3;mez-Baeza</subfield>
    <subfield code="t">Redibujando el paisaje de los media</subfield>
    <subfield code="r">Benjamin Weil</subfield>
    <subfield code="t">Feedforward. El &#xE1;ngel de la historia</subfield>
    <subfield code="r">Steve Dietz y Christiane Paul</subfield>
    <subfield code="t">Dise&#xF1;ando la desaparici&#xF3;n del dise&#xF1;o </subfield>
    <subfield code="r">&#xC1;ngel Borrego</subfield>
    <subfield code="t">Biograf&#xED;as</subfield>
    <subfield code="t">Est&#xE9;tica / Lenguaje Simb&#xF3;lico</subfield>
    <subfield code="t">Midiendo alteraciones: la mirada de los medias sobre el mundo</subfield>
    <subfield code="r">Christiane Paul</subfield>
    <subfield code="t">Ruinas</subfield>
    <subfield code="t">Pensamientos catastr&#xF3;ficos</subfield>
    <subfield code="r">Esther Leslie</subfield>
    <subfield code="t">Contramedidas</subfield>
    <subfield code="t">Sobre &#xE1;ngeles, historias y progresos</subfield>
    <subfield code="r">Paula Alsina</subfield>
    <subfield code="t">Globalizaci&#xF3;n</subfield>
    <subfield code="t">Producci&#xF3;n est&#xE9;tica y vida econ&#xF3;mica </subfield>
    <subfield code="r">Tiziana Terranova</subfield>
    <subfield code="t">Agenciamiento: poder transformador</subfield>
    <subfield code="t">&#xBF;Qu&#xE9; (no) es progreso?</subfield>
    <subfield code="r">Steve Dietz y Daniel G. And&#xFA;jar</subfield>
    <subfield code="t">Est&#xE9;ticas / Lenguajes Simb&#xF3;licos</subfield>
    <subfield code="r">AES+F</subfield>
    <subfield code="r">Margot Lovejoy</subfield>
    <subfield code="t">Ruinas</subfield>
    <subfield code="r">Stella Brennan</subfield>
    <subfield code="r">Paul Chan</subfield>
    <subfield code="r">Harwood, Wright, Yokokoji</subfield>
    <subfield code="r">Hasan Elahi</subfield>
    <subfield code="r">B&#xE1;rbara Flux&#xE1;</subfield>
    <subfield code="r">Langlands &amp; Bell</subfield>
    <subfield code="r">Naeem Mohaiemen</subfield>
    <subfield code="r">Piotr Szyhalski</subfield>
    <subfield code="t">Contramedidas</subfield>
    <subfield code="r">Hasan Elahi</subfield>
    <subfield code="r">Knowbotic Research + Peter Sandbichler</subfield>
    <subfield code="r">Trevor Paglen</subfield>
    <subfield code="r">Nonny de la Pe&#xF1;a &amp; Peggy Weil</subfield>
    <subfield code="r">System-77CCR Consortium </subfield>
    <subfield code="t">Globalizaci&#xF3;n</subfield>
    <subfield code="r">Nancy Davenport</subfield>
    <subfield code="r">Cao Fei</subfield>
    <subfield code="r">Goldin + Senneby</subfield>
    <subfield code="r">Jennifer and Kevin McCoy</subfield>
    <subfield code="r">Rachael Rakena, Fez Fa`anana &amp; Brian Fuata</subfield>
    <subfield code="r">Stephanie Rothenberg + Jeff Crouse</subfield>
    <subfield code="r">Carey Young</subfield>
    <subfield code="t">Agenciamiento: poder transformador</subfield>
    <subfield code="r">Daniel G. And&#xFA;jar/Technologies to the people</subfield>
    <subfield code="r">Christopher Baker</subfield>
    <subfield code="r">Fernando Garc&#xED;a-Dory</subfield>
    <subfield code="r">Ali Momeni + Robin Mandel</subfield>
    <subfield code="r">Carlos Motta</subfield>
    <subfield code="r">Piotr Szyhalski</subfield>
    <subfield code="r">T+T (Tamiko Thiel + Teresa Reuter)</subfield>
  </datafield>
  <datafield tag="650" ind1=" " ind2=" ">
    <subfield code="x">arte contempor&#xE1;neo</subfield>
    <subfield code="x">arte - exhibiciones</subfield>
    <subfield code="x">arte y sociedad</subfield>
    <subfield code="x">arte digital</subfield>
    <subfield code="x">arte - tecnolog&#xED;a</subfield>
  </datafield>
  <datafield tag="700" ind1=" " ind2=" ">
    <subfield code="a">LABoral Centro de Arte y Creaci&#xF3;n Industrial</subfield>
  </datafield>
  <datafield tag="942" ind1=" " ind2=" ">
    <subfield code="2">ddc</subfield>
    <subfield code="c">1</subfield>
    <subfield code="n">0</subfield>
  </datafield>
  <datafield tag="999" ind1=" " ind2=" ">
    <subfield code="c">1908</subfield>
    <subfield code="d">1908</subfield>
  </datafield>
  <datafield tag="952" ind1=" " ind2=" ">
    <subfield code="0">0</subfield>
    <subfield code="1">0</subfield>
    <subfield code="2">ddc</subfield>
    <subfield code="4">0</subfield>
    <subfield code="7">0</subfield>
    <subfield code="a">LV</subfield>
    <subfield code="b">LV</subfield>
    <subfield code="d">2022-06-23</subfield>
    <subfield code="l">0</subfield>
    <subfield code="o">708 F295f</subfield>
    <subfield code="p">001460</subfield>
    <subfield code="r">2022-06-23 00:00:00</subfield>
    <subfield code="w">2022-06-23</subfield>
    <subfield code="y">1</subfield>
  </datafield>
</record>
